Finanční analýza, scoring a rating obcí a měst

V období, kedy sa väčšina bánk zameriava predovšetkým na segment "retailových" klientov, rozhodla sa Česká spořitelna (ČS) zefektívniť úverové procesy a správu dát portfólia miest a obcí, krajov a zväzkov obcí. Implementácia novej aplikácie FASCOR - (Finančná Analýza, SCOoring a Rating) podporujúca...

Descripción completa

Guardado en:
Detalles Bibliográficos
Autor principal: Urbánek, Michal
Otros Autores: Nejedlý, Pavel
Formato: Capítulo de libro
Lenguaje:checo
Materias:
Etiquetas: Agregar Etiqueta
Sin Etiquetas, Sea el primero en etiquetar este registro!

MARC

LEADER 00000naa$a2200000$$$4500
001 0038111
005 20231010085756.1
041 0 |a cze 
044 |a CZ 
245 1 0 |a Finanční analýza, scoring a rating obcí a měst  |c Michal Urbánek, Pavel Nejedlý 
520 |a V období, kedy sa väčšina bánk zameriava predovšetkým na segment "retailových" klientov, rozhodla sa Česká spořitelna (ČS) zefektívniť úverové procesy a správu dát portfólia miest a obcí, krajov a zväzkov obcí. Implementácia novej aplikácie FASCOR - (Finančná Analýza, SCOoring a Rating) podporujúca riadenie úverových rizík. Bazilej II a výpočet interného ratingu municipalít. Päť základných krokov výpočtu ratingu. 
610 2 0 |a banky 
610 2 0 |a sporiteľne 
610 2 0 |a Česko 
610 2 0 |a úver bankový 
610 2 0 |a portfólio 
610 2 0 |a mestá 
610 2 0 |a obce 
610 2 0 |a primeranosť kapitálová 
610 2 0 |a riziko úverové 
610 2 0 |a analýza finančná 
610 2 0 |a rating úverový 
610 2 0 |a riadenie rizík 
610 2 0 |a softvér 
100 1 |a Urbánek, Michal 
700 1 |a Nejedlý, Pavel